00529nam a22001217a 4500008004100000020001800041082001800059100007500077245004400152260007300196300003100269650010700300190529b xxu||||| |||| 00| 0 eng d a9788480265850 a701.03bF363e aFernandez-Savater, Amador; Jerez, Concha; Labrador Méndez, Germán. aEconomía libidinal de la transición aMadrid, EspañabMuseo Nacional Centro de Arte Reina Sofía c2018 a82 pbill (col).c21x15 cm 2Arte contemporáneovArte y sociedadxConflictos laborales - EspañaxHistoria - PrensaxEntrevistas